[Event "Sydney op-B"]
[Site "Parramatta"]
[Date "2010.04.09"]
[Round "6"]
[White "Chibnall, Alana"]
[Black "Reynolds, Paul J"]
[Result "0-1"]
[WhiteElo "1788"]
[BlackElo "1443"]
[PlyCount "60"]
[EventDate "2010.04.07"]
[EventType "swiss"]
[EventRounds "9"]
[EventCountry "AUS"]
[SourceTitle "EXT 2012"]
[Source "ChessBase"]
[SourceDate "2011.11.24"]
[SourceVersion "1"]
[SourceVersionDate "2011.11.24"]
[SourceQuality "1"]

1. e4 d6 2. d4 Nf6 3. Bd3 g6 4. c4 Bg7 5. f3 Nc6 6. Be3 0-0 7. Qd2 Re8 8. Ne2 e5 9. d5 Ne7 10. Bh6 Nd7 11. g4 Nc5 12. Bc2 Nf5 13. Bg5 f6 14. exf5 fxg5 15. fxg6 h6 16. b4 e4 17. Nec3 exf3+ 18. Kf1 Bxg4 19. h3 Re2 20. Nxe2 fxe2+ 21. Ke1 Bf3 22. Rg1 Bxa1 23. bxc5 dxc5 24. h4 Bd4 25. Rg3 Qf6 26. hxg5 hxg5 27. Qxg5 Bc3+ 28. Nxc3 Qxc3+ 29. Qd2 Qa1+ 30. Kf2 Qf1+ 0-1